000 01342nam a22002777a 4500
999 _c111589
_d111589
003 dpl
005 20190129131242.0
008 190129b ||||| |||| 00| 0 eng d
010 _aB-195989
020 _c275.00
_a8186364312
035 _aB-195989, B-195993
037 _bCen Lib/Ret
040 _aDPL
_bHN
_c0
082 _a820.8
_bखुलिकी
245 _aखुली किताब :
_cसंकलन यादवेन्द्र शर्मा 'चन्द्र'
_bसहित्य व जीवन सम्बन्धी साक्षात्कार /
246 _aKhuli kitab : sahitya v jeevan sambandhi sakshatkar /
_bsankalan Yaadvender Sharma 'Chander'
260 _aदिल्ली
_bभारत पुस्तक भंडार
_c2005
270 _aफेज इ/265 ए, गली न.-16, सोनिया विहार
_b दिल्ली
_e110094
300 _a216पृ.
_c20सेमी(सजिल्द )
650 _aहिंदी साहित्य
_z
_943544
650 _aहिंदी कहानियां
_92082
650 _aHindi litarature
_v
_943619
650 _aHindi stories
_943620
700 _a'चन्द्र', यादवेन्द्र शर्मा
_943621
942 _2ddc
_cHN
_h820.8
_mखुलिकी